000 00309nam a2200121Ia 4500
008 190216s9999||||xx |||||||||||||| ||und||
100 _aSankara Pillai G
245 0 _aThirumbivanthan Thambi
260 _bMathrubhumi Printing &publishing
_c1976
300 _a154p
650 _aMalayalam Nadakam
942 _cBK
999 _c25984
_d25984